[Event "83rd YMCA Autumn B"]
[Site "Warszawa"]
[Date "2010.12.07"]
[Round "13"]
[White "Szymczak, Rafal"]
[Black "Skladzien, Romuald"]
[Result "1-0"]
[WhiteElo "2045"]
[BlackElo "1937"]
[PlyCount "59"]
[EventDate "2010.09.23"]
[EventType "tourn"]
[EventRounds "1"]
[EventCountry "POL"]
[SourceDate "2010.10.05"]

1. f4 d5 2. g3 c5 3. Nf3 Nc6 4. Bg2 Bg4 5. c4 d4 6. d3 Nf6 7. O-O Bxf3 8. Bxf3
e6 9. Qa4 Qd7 10. Na3 Bd6 11. e4 dxe3 12. Bxe3 O-O 13. Kg2 Rab8 14. Rad1 Rfd8
15. Nc2 Ne7 16. Qxd7 Rxd7 17. d4 Nf5 18. Bf2 Rc7 19. b3 b6 20. Rd3 Kf8 21. Rfd1
Ke7 22. d5 e5 23. Re1 Nd7 24. g4 Nh6 25. g5 Nf5 26. Bg4 g6 27. Bxf5 gxf5 28.
Ne3 e4 29. Nxf5+ Kf8 30. Rxe4 1-0

[Event "83rd YMCA Autumn B"]
[Site "Warszawa"]
[Date "2010.12.22"]
[Round "13"]
[White "Kosny, Marek"]
[Black "Sujkowski, Pawel"]
[Result "1/2-1/2"]
[WhiteElo "1993"]
[BlackElo "1938"]
[Annotator "Admin"]
[PlyCount "80"]
[EventDate "2010.09.23"]
[EventType "tourn"]
[EventRounds "1"]
[EventCountry "POL"]
[SourceDate "2010.10.05"]

1. Nf3 d5 2. g3 Nf6 3. Bg2 e6 4. d4 c5 5. O-O Nc6 6. c4 dxc4 7. Qa4 Bd7 8. Qxc4
b5 9. Qd3 Rc8 10. Nc3 c4 11. Qb1 Qb6 12. Be3 Qa5 13. Ne4 Be7 14. Bf4 O-O 15.
Rd1 h6 16. Nd6 Bxd6 17. Bxd6 Rfd8 18. a3 Be8 19. Bf4 Qb6 20. Be3 Nd5 21. Bd2
Na5 22. Bxa5 Qxa5 23. Ne5 Qb6 24. e3 a5 25. Rd2 Ne7 26. Qd1 Nc6 27. Nf3 Ne7 28.
Rc1 Bc6 29. Qe2 Be4 30. Ne5 Bxg2 31. Kxg2 Nc6 32. Nf3 Ne7 33. Rdc2 a4 34. Nd2
Nd5 35. Ne4 Qc6 36. Qf3 Nb6 37. Nc3 Nd5 38. Ne4 Nb6 39. Nc5 Nd5 40. Ne4 Nb6 $11
1/2-1/2

[Event "83rd YMCA Autumn B"]
[Site "Warszawa"]
[Date "2010.12.22"]
[Round "13"]
[White "Jarmula, Pawel"]
[Black "Sielicki, Tomasz"]
[Result "1/2-1/2"]
[WhiteElo "1977"]
[BlackElo "2022"]
[Annotator "Admin"]
[PlyCount "108"]
[EventDate "2010.09.23"]
[EventType "tourn"]
[EventRounds "1"]
[EventCountry "POL"]
[SourceDate "2010.10.05"]

1. d4 Nf6 2. c4 c5 3. d5 e5 4. Nc3 d6 5. e4 Nbd7 6. h3 h5 7. Bd3 Be7 8. Nge2 h4
9. Be3 Nf8 10. Qd2 Ng6 11. a3 a6 12. b4 b6 13. O-O O-O 14. bxc5 bxc5 15. Rab1
Nh7 16. Rb3 Bg5 17. Rfb1 Bxe3 18. Qxe3 Qf6 19. Na4 Nf4 20. Nb6 Ra7 21. Nxc8
Rxc8 22. f3 Qg5 23. Nxf4 exf4 24. Qe1 Nf6 25. Qa5 Qe5 26. Be2 Nd7 27. Kf1 g5
28. Qc3 Qxc3 29. Rxc3 Raa8 30. Rb7 Rd8 31. Rcb3 Kf8 32. Rc7 Ne5 33. Rb6 Ke8 34.
Ke1 Rd7 35. Rcb7 Rxb7 36. Rxb7 Kd8 37. a4 Kc8 38. Rb6 Kc7 39. a5 Rb8 40. Rxb8
Kxb8 41. Kd2 Kc7 42. Kc3 $11 Nd7 43. Bd1 f6 44. Ba4 Ne5 45. Bd1 Nf7 46. Kb3 Nd8
47. Bc2 Nb7 48. Ka4 Nd8 49. Kb3 Nf7 50. Kc3 Nd8 51. Kb3 Nb7 52. Ka4 Kd7 53. Bd3
Ke7 54. Bc2 Kd7 1/2-1/2

[Event "83rd YMCA Autumn B"]
[Site "Warszawa"]
[Date "2010.10.22"]
[Round "13"]
[White "Kielar, Maciej"]
[Black "Krasiewicz, Robert"]
[Result "1-0"]
[WhiteElo "2029"]
[BlackElo "2035"]
[PlyCount "77"]
[EventDate "2010.09.23"]
[EventType "tourn"]
[EventRounds "1"]
[EventCountry "POL"]
[SourceDate "2010.10.05"]

1. e4 d5 2. exd5 Nf6 3. d4 Nxd5 4. c4 Nb6 5. b3 g6 6. Bb2 Bg7 7. Qd2 O-O 8. Nf3
Bg4 9. Be2 N8d7 10. h3 Bxf3 11. Bxf3 c6 12. O-O e5 13. Re1 Re8 14. d5 cxd5 15.
Bxd5 Nc5 16. Nc3 e4 17. Rad1 Qh4 18. Ba3 Nxd5 19. Nxd5 Nd3 20. Re2 Rad8 21. Qe3
Be5 22. Be7 Rxe7 23. Nxe7+ Qxe7 24. Qxe4 Rd4 25. Qf3 Qd6 26. Red2 Ne1 27. Qe2
Nc2 28. Kf1 Rxd2 29. Rxd2 Nd4 30. Qe4 b5 31. cxb5 Qc5 32. Qd3 Nxb5 33. Qd5 Bd6
34. Qxc5 Bxc5 35. Rd5 Nc3 36. Rxc5 Nxa2 37. Ra5 Nc1 38. b4 Nd3 39. b5 1-0